banner-ar

جغرافية شبة جزيرة العرب / (Record no. 58719)

MARC details
000 -الفاتح
حقل البيانات ثابتة الطول 00540nam a2200181Ia 4500
008 - عناصر البيانات ثابتة الطول - معلومات عامة
حقل البيانات ثابتة الطول 140319s9999 xx 000 0 ara d
040 ## - مصدر الفهرسة
وكالة الفهرسة الأصلية GCL /
وكالة النسخ GCL
082 04 - رقم تصنيف ديوى العشرى
رقم التصنيف 915.56
رقم المادة ع ج
100 1# - المدخل الرئيسى - إسم شخصى
الإسم الشخصى عمر رضا كحالة
245 10 - بيان العنوان
العنوان جغرافية شبة جزيرة العرب /
بيان المسئوليه,etc عمر رضا كحالة
300 ## - الوصف المادى
التعداد 597 ص
490 ## - بيان السلسلة
عنوان السلسلة
650 04 - المدخل الاضافى بالموضوع-مصطلح موضوعى
مصطلح موضوعي شبه الجزيرة العربية
650 04 - المدخل الاضافى بالموضوع-مصطلح موضوعى
مصطلح موضوعي الجغرافيا التاريخية
942 ## - عناصر المدخل الإضافي( كوها)
مصدر التصنيف او مخطط الترفيف Dewey Decimal Classification
Koha [default] item type كتاب
260 ## - PUBLICATION, DISTRIBUTION, ETC. (IMPRINT)
-- [S.N] :
-- فؤاد هاشم الكتبى
Holdings
حالة التراجع حالة الفقد حالة تلف ليس للاعارة المكان المؤقت الموقع الحالى تاريخ الاكتساب اجمالي اﻻعارات رقم الطلب الباركود تاريخ اخر مشاهدة تاريخ تفعيل السعر نوع وعاء كوها
        مكتبة القاهرة الكبرى مكتبة القاهرة الكبرى 03/26/2014   915.56\ع ج 152244 03/26/2014 03/26/2014 كتاب
        مكتبة القاهرة الكبرى مكتبة القاهرة الكبرى 03/26/2014   915.56\ع ج 152245 03/26/2014 03/26/2014 كتاب

Powered By

EGPV